Tourist Behaviour : Themes and Conceptual Schemes / (Record no. 1019)

MARC details
000 -LEADER
Fixed length control field 00518nam a2200181 4500
003 - CONTROL NUMBER IDENTIFIER
Control field SEACOMMC
005 - DATE AND TIME OF LATEST TRANSACTION
Control field 20250430153819.0
008 - FIXED-LENGTH DATA ELEMENTS--GENERAL INFORMATION
Fixed length control field 250121b |||||||| |||| 00| 0 eng d
020 ## - INTERNATIONAL STANDARD BOOK NUMBER / ISBN
International Standard Book Number 81-309-0302-4
Price Rs.395.00
040 ## - CATALOGING SOURCE
Original cataloging agency SEACOMMC
082 ## - DEWEY DECIMAL CLASSIFICATION NUMBER
Classification number 910.019
Book Number P 359
100 ## - MAIN ENTRY--PERSONAL NAME
Personal name Pearce, Philip L
245 1# - TITLE STATEMENT
Title Tourist Behaviour : Themes and Conceptual Schemes /
Statement of responsibility Philip L Pearce
260 ## - IMPRINT
Place of publication Kolkata
Name of publisher Viva-Books
Date of publication 2006
440 ## - SERIES STATEMENT
Series Title Aspects of Tourism,27
650 ## - SUBJECT ADDED ENTRY--TOPICAL TERM
Topical term Psychological Aspects
942 ## - ADDED ENTRY ELEMENTS (KOHA)
Koha item type Books
Holdings
Withdrawn status Lost status Source of classification Damaged status Not for loan Home library Current library Shelving location Date acquired Total Checkouts Call number Accession number Date last seen Price effective from Koha item type Copy number
    Dewey Decimal Classification     SEACOM MANAGEMENT COLLEGE SEACOM MANAGEMENT COLLEGE Reference 03/01/2008   910.019 P 359 M-1708 21/01/2025 21/01/2025 Books  
    Dewey Decimal Classification     SEACOM MANAGEMENT COLLEGE SEACOM MANAGEMENT COLLEGE   03/01/2008   910.019 P 359 M-1709 21/01/2025 21/01/2025 Books 1
    Dewey Decimal Classification     SEACOM MANAGEMENT COLLEGE SEACOM MANAGEMENT COLLEGE   03/01/2008   910.019 P 359 M-1710 21/01/2025 21/01/2025 Books 2
© Seacom Engineering College, All rights reserved.    Powered by Koha